000 00580nam a2200217 i 4500
001 75018
003 ES-MaACL
005 20230906172320.0
007 t|
008 040921s1985 sp ||||1| spa d
020 _a84-85991-27-3
100 1 _aGoñi, Javier.
_959081
245 1 0 _aCinco horas con Miguel Delibes /
_cJavier Goñi.
260 _aMadrid :
_bArjona,
_c1985.
300 _a115 p. ;
_c21 cm.
490 1 _aDe palabra ;
_v9
504 _aBibliografía.
830 0 _aDe palabra ;
_v9
_9189929
852 _aES-MaACL
_jL-10397
_bR.110751
999 _c75018
_d75018